Human anatomy (Запись № 13539825)

Подробности
000 -МАРКЕР
контрольное поле 02001nam1a2200349 4500
001 - ИДЕНТИФИКАТОР ЗАПИСИ
контрольное поле RU\NLR\BIBL_A\022675004
005 - ИДЕНТИФИКАТОР ВЕРСИИ
контрольное поле 20260406100445.0
010 ## - МЕЖДУНАРОДНЫЙ СТАНДАРТНЫЙ НОМЕР КНИГИ (ISBN)
Номер (ISBN) 978-5-9704-9430-1
Тираж 1000
035 ## - ДРУГИЕ СИСТЕМНЫЕ НОМЕРА
Идентификатор записи (NLR Aleph) 022675004
100 ## - ДАННЫЕ ОБЩЕЙ ОБРАБОТКИ
Данные общей обработки 20251128d2026 k y0rusy50 ca
101 1# - ЯЗЫК РЕСУРСА
Язык текста, звукозаписи и т.д. английский
Язык оригинала русский
102 ## - СТРАНА ПУБЛИКАЦИИ ИЛИ ПРОИЗВОДСТВА
Страна публикации российская федерация
105 ## - ПОЛЕ КОДИРОВАННЫХ ДАННЫХ: ТЕКСТОВЫЕ МАТЕРИАЛЫ, МОНОГРАФИЧЕСКИЕ
Кодированные данные о монографическом текстовом документе ||||j |||||
181 #0 - ПОЛЕ КОДИРОВАННЫХ ДАННЫХ: ВИД СОДЕРЖАНИЯ
Код вида содержания (ISBD) i3
Код характеристики содержания (ISBD) axxe
182 #0 - ПОЛЕ КОДИРОВАННЫХ ДАННЫХ: ТИП СРЕДСТВА
Код типа средства (ISBD) n - непосредственное
200 1# - ЗАГЛАВИЕ И СВЕДЕНИЯ ОБ ОТВЕТСТВЕННОСТИ
Основное заглавие Human anatomy
Параллельное заглавие Анатомия человека
Сведения, относящиеся к заглавию textbook
-- для студентов учреждений высшего профессионального образования, обучающихся по специальностям 31.05.01 "Лечебное дело" и 31.05.02 "Педиатрия" по дисциплине "Анатомия", по специальности 32.05.01 "Медико-профилактическое дело" по дисциплине "Анатомия человека. Топографическая анатомия"
-- [translation from Russian]
-- in 2 volumes
Первые сведения об ответственности M. R. Sapin, D. B. Nikityuk, V. N. Nikolenko, S. V. Klochkova
Последующие сведения об ответственности edited by M. R. Sapin, D. B. Nikityuk
Язык параллельного заглавия русский
203 ## - ВИД СОДЕРЖАНИЯ И ТИП СРЕДСТВА
Вид содержания Текст
Дополнительные сведения об издании визуальный
Тип средства непосредственный
210 ## - ПУБЛИКАЦИЯ, РАСПРОСТРАНЕНИЕ И ДР.
Место издания, распространения и т.д. Moscow
Имя издателя, распространителя и т. д. GEOTAR-Media
Дата издания, распространения и т.д. 2026 (печ. 2025)
215 ## - ФИЗИЧЕСКАЯ ХАРАКТЕРИСТИКА
Размеры 25
510 1# - ПАРАЛЛЕЛЬНОЕ ЗАГЛАВИЕ
Параллельное заглавие Анатомия человека
Язык заглавия русский
606 1# - НАИМЕНОВАНИЕ ТЕМЫ КАК ПРЕДМЕТ
Наименование темы Человек
Формальный подзаголовок Учебники для высших учебных заведений
Тематический подзаголовок Анатомия
Системный номер авторитетной/нормативной записи 2080069
Идентификатор авторитетной/нормативной записи RU\NLR\AUTH\661255980
686 1# - ИНДЕКСЫ ДРУГИХ КЛАССИФИКАЦИЙ
Индекс Е860я732Р-1
701 #1 - ИМЯ ЛИЦА - АЛЬТЕРНАТИВНАЯ ОТВЕТСТВЕННОСТЬ
Графика поля Латинская
Материалы, к которым относится поле rus
Начальный элемент ввода Sapin
Часть имени, кроме начального элемента ввода M. R.
Даты 1925-2015
Расширение инициалов личного имени Michail Romanovič
Идентификатор авторитетной/нормативной записи RU\NLR\AUTH\770288923
Системный номер авторитетной/нормативной записи 2693646
701 #1 - ИМЯ ЛИЦА - АЛЬТЕРНАТИВНАЯ ОТВЕТСТВЕННОСТЬ
Графика поля Латинская
Материалы, к которым относится поле rus
Начальный элемент ввода Nikitjuk
Часть имени, кроме начального элемента ввода D. B.
Даты 1962-
Расширение инициалов личного имени Dmitrij Borisovič
Идентификатор авторитетной/нормативной записи RU\NLR\AUTH\770183153
Системный номер авторитетной/нормативной записи 183102
701 #1 - ИМЯ ЛИЦА - АЛЬТЕРНАТИВНАЯ ОТВЕТСТВЕННОСТЬ
Начальный элемент ввода Nikolenko
Часть имени, кроме начального элемента ввода V. N.
Даты 1956-
Расширение инициалов личного имени Vladimir Nikolaevič
701 #1 - ИМЯ ЛИЦА - АЛЬТЕРНАТИВНАЯ ОТВЕТСТВЕННОСТЬ
Графика поля Латинская
Материалы, к которым относится поле rus
Начальный элемент ввода Kločkova
Часть имени, кроме начального элемента ввода S. V.
Расширение инициалов личного имени Svetlana Valer'evna
Системный номер авторитетной/нормативной записи 183120
Идентификатор авторитетной/нормативной записи RU\NLR\AUTH\770183171
852 ## - МЕСТОНАХОЖДЕНИЕ И ШИФР ХРАНЕНИЯ
Идентификатор организации NLR
Шифр хранения (Call Number) Ик 2025-7/609
942 ## - ДОПОЛНИТЕЛЬНЫЕ ЭЛЕМЕНТЫ ЗАПИСИ (АБИС)
Тип экземпляра АБИС Книга
980 ## - КОЛЛЕКЦИЯ
Название коллекции Национальная библиография

Нет доступных экземпляров.